Verdens Land og Hovedsteder - Statistics

General Stats
  • This quiz has been taken 742 times
  • The average score is 74 of 196
Answers on the Map
Answers color-coded by a green-red scale on the quiz's map according to % correct below.
 
Answer Stats
Hovedstad Land % Correct
Oslo Norge
89%
Moskva Russland
84%
Washington D.C USA
84%
København Danmark
82%
Stockholm Sverige
81%
Ottawa Canada
79%
Helsinki Finland
79%
Beijing Kina
78%
Berlin Tyskland
78%
Brasília Brasil
76%
Reykjavík Island
75%
Mexico By Mexico
75%
Paris Frankrike
74%
Roma Italia
74%
Madrid Spania
74%
Canberra Australia
73%
Tokyo Japan
73%
Warszawa Polen
72%
Kiev Ukraina
72%
Buenos Aires Argentina
69%
New Delhi India
69%
Dublin Irland
69%
Lisboa Portugal
69%
Kairo Egypt
67%
London Storbritannia
67%
Athen Hellas
66%
Santiago Chile
65%
Amsterdam Nederland
62%
Seoul Sør-Korea
62%
Ankara Tyrkia
62%
P'yŏngyang Nord-Korea
61%
Tallinn Estland
60%
Jerusalem Israel
60%
Niamey Niger
60%
Tirana Albania
59%
Teheran Iran
57%
Riga Latvia
57%
Bern Sveits
57%
Bangkok Thailand
57%
Bogotá Colombia
56%
Zagreb Kroatia
56%
Pretoria (administrativ)Cape Town (lovgivende)
Bloemfontein (juridisk)
Sør-Afrika
56%
Brussel Belgia
55%
Bagdad Irak
55%
Lima Peru
55%
Rabat Marokko
54%
Islamabad Pakistan
54%
Havanna Cuba
53%
Wellington New Zealand
53%
Kabul Afghanistan
52%
Abuja Nigeria
52%
Wien Østerrike
52%
Vilnius Litauen
51%
Minsk Hviterussland
50%
Antananaivo Madagaskar
50%
București Romania
50%
Mogadishu Somalia
50%
Sarajevo Bosnia-Herzegovina
49%
Bratislava Slovakia
49%
Praha Tsjekkia
49%
Jakarta Indonesia
48%
Luxembourg by Luxembourg
48%
Ljubljana Slovenia
48%
Damaskus Syria
48%
Budapest Ungarn
48%
Sofia Bulgaria
47%
Ulan Bator Mongolia
47%
Alger Algerie
46%
Beograd Serbia
46%
Riyadh Saudi Arabia
45%
Brazzaville Kongo
44%
Sucre, La Paz Bolivia
43%
Nairobi Kenya
43%
Saigon/Ho Chi Minh-byen Vietnam
43%
Tunis Tunisia
41%
Montevideo Uruguay
41%
Caracas Venezuela
41%
Andorra la Vella Andorra
40%
Addis Abeba Etiopia
40%
Priština Kosovo
40%
Panama by Panama
40%
Khartoum Sudan
40%
Dhaka Bangladesh
39%
Tripoli Libya
39%
Valletta Malta
39%
Manilla Filippinene
38%
Dodoma Tanzania
38%
Bamako Mali
37%
Katmandu Nepal
37%
Asunción Paraguay
37%
Luanda Angola
36%
Chișinău Moldova
36%
Podgorica Montenegro
36%
Colombo Sri Lanka
36%
Quito Ecuador
35%
Asmara Eritrea
35%
Accra Ghana
35%
Kingston Jamaica
35%
Sana Jemen
35%
Skopje Nord-Makedonia
35%
Vatikanstaten Vatikanstaten
35%
Suva Fiji
34%
Monaco Monaco
34%
Muskat Oman
34%
Juba Sør-Sudan
34%
Tbilisi Georgia
33%
Nikosia Kypros
33%
Doha Qatar
33%
Singapore Singapore
33%
Guatemala by Guatemala
32%
Amman Jordan
32%
Kuala Lumpur og Putrajaya Malaysia
31%
San Marino San Marino
31%
Dakar Senegal
31%
Lusaka Zambia
31%
Nassau Bahamas
30%
San José Costa Rica
30%
Conakry Guinea
30%
Astana Kasakhstan
30%
Kampala Uganda
30%
Jerevan Armenia
29%
Vaduz Liechtenstein
29%
Tasjkent (Toshkent) Usbekistan
29%
Port-au-Prince Haiti
28%
Beirut Libanon
28%
Taipei Taiwan
27%
N'Djamena Tsjad
27%
Harare Zimbabwe
27%
Nay Pyi Taw Burma
26%
San Salvador El Salvador
26%
Tegucigalpa Honduras
25%
Asjkhabad Turkmenistan
25%
Gaborone Botswana
24%
Kuwait Kuwait
24%
Vientiane Laos
24%
Windhoek Namibia
24%
Lomé Togo
24%
Banjul Gambia
23%
Malé Maldivene
23%
Belmopan Belize
22%
Phnom Penh Kambodsja
22%
Monrovia Liberia
22%
Thimpu Bhutan
21%
Yaoundé Kamerun
21%
Praia Kapp Verde
21%
Porto Novo og Cotonou Benin
20%
Abu Dhabi De forente arabiske emirater
20%
Georgetown Guyana
20%
Lilongwe Malawi
20%
Maputo Mosambik
20%
Paramaribo Surinam
20%
Ouagadougou Burkina Faso
19%
Burundi Burundi
19%
Djibouti Djibouti
19%
Yamoussoukro Elfenbenskysten
19%
Nouakchott Mauritania
19%
Kigali Rwanda
19%
Freetown Sierra Leone
19%
Manama Bahrain
18%
Bridgetown Barbados
18%
Libreville Gabon
18%
Maseru Lesotho
18%
Managua Nicaragua
18%
Roseau Dominica
17%
Santo Domingo Den dominikanske republikk
16%
Port Louis Mauritius
16%
Castries Saint Lucia
16%
Baku Aserbajdsjan
15%
Bandar Seri Begawan Brunei
15%
Nuku'alofa Tonga
15%
Mbabane, Lobamba Eswatini
14%
Bissau Guinea-Bissau
14%
Victoria Seychellene
14%
Bangui Den sentralafrikanske republikk
13%
Bisjkek Kirgisistan
12%
Port Moresby Papua Ny-Guinea
12%
Majuro (Dalap-Uliga-Darrit) Marshalløyene
11%
São Tomé São Tomé and Príncipe
11%
Funafuti Tuvalu
11%
Malabo Ekvatorial Guinea
10%
South Tarawa Kiribati
10%
Yaren (de facto) Nauru
10%
Dili Øst-Timor
10%
Basseterre Saint Kitts and Nevis
10%
Apia Samoa
10%
Port of Spain Trinidad og Tobago
10%
St. George's Grenada
9%
Palikir Mikronesia
9%
Ngerulmud Palau
9%
Port Vila Vanuatu
9%
Moroni Komorene
8%
Dusjanbe Tajikistan
8%
Saint John's Antigua og Barbuda
6%
Honiara Solomonøyene
6%
Kinshasa DDR Kongo
5%
Kingstown Saint Vincent og Grenadinene
4%
No matching quizzes found
Score Distribution
Percent of People with Each Score
Percentile by Number Answered
Your Score History
You have not taken this quiz